000 00321nam a22001337a 4500
008 170613b xxu||||| |||| 00| 0 eng d
020 _a9780872894723
041 _aeng
080 _23 ED
_a32
100 _a19
101 _aSHP
245 _aCONTEPORARY CASES IN U.S FOREIGN POLICY
_cCARTER.R.C
942 _2udc
_cBK
999 _c17174
_d17174